[Event "KKS 2- Ratingen"]
[Site "?"]
[Date "2023.10.22"]
[Round "2.7"]
[White "Hoeche, Alexander"]
[Black "Goldenstein, Arnd"]
[Result "1/2-1/2"]
[WhiteElo "1890"]
[BlackElo "1877"]
[PlyCount "127"]
[EventDate "2023.??.??"]
[SourceVersionDate "2020.03.16"]

1. d4 d5 2. c4 e6 3. Nc3 Nf6 4. cxd5 exd5 5. Bg5 Be7 6. e3 h6 7. Bh4 c6 8. Bd3 O-O 9. Qc2 Re8 10. Nge2 Nh5 11. Bxe7 Qxe7 12. O-O Nd7 13. Rab1 Nf8 14. b4 a6 15. a4 Bg4 16. b5 a5 17. bxc6 bxc6 18. Rb6 Rac8 19. Rfb1 Rc7 20. Qd2 Nf6 21. Ng3 g6 22. f3 Be6 23. e4 c5 24. Qxh6 cxd4 25. Nb5 Rb7 26. Rxb7 Qxb7 27. Nxd4 Qa7 28. Qe3 dxe4 29. Nxe4 Nxe4 30. Bxe4 Rd8 31. Nc2 Qd7 32. f4 Bf5 33. Bxf5 Qxf5 34. Qf2 Ne6 35. Rf1 Qc5 36. Qxc5 Nxc5 37. Ne3 Rd4 38. f5 Rxa4 39. f6 Re4 40. Nd5 Re5 41. Ne7+ Kf8 42. Nc6 Rd5 43. Nxa5 Nd7 44. Nc4 Rd4 45. Ne3 Re4 46. Nd5 Re5 47. Rc1 Kg8 48. Rd1 Kh7 49. h4 Nc5 50. Kh2 g5 51. h5 g4 52. Kg3 Rxh5 53. Kxg4 Rh2 54. Kf3 Kg6 55. Kg3 Rh8 56. Kf4 Ne6+ 57. Ke5 Rh2 58. g3 Ra2 59. Rh1 Ra5 60. Rh8 Nc7 61. Rg8+ Kh6 62. Rd8 Kg5 63. Rg8+ Kh6 64. Rd8 1/2-1/2

[Event "KKS 2- Ratingen"]
[Site "?"]
[Date "2023.10.22"]
[Round "2.8"]
[White "Lemaic, Mile"]
[Black "Katz, Rafael"]
[Result "0-1"]
[WhiteElo "1794"]
[BlackElo "2014"]
[PlyCount "51"]
[EventDate "2023.??.??"]
[SourceVersionDate "2020.03.16"]

1. e4 c6 2. d4 d5 3. e5 Bf5 4. Nc3 e6 5. g4 Bg6 6. Nge2 c5 7. h4 h6 8. Nf4 Bh7 9. g5 hxg5 10. hxg5 Bxc2 11. Rxh8 Bxd1 12. Rxg8 Bg4 13. Nb5 Nc6 14. Nd6+ Kd7 15. Bb5 Qb6 16. dxc5 Qxc5 17. Nd3 Qc2 18. Bd2 Bxd6 19. Rxa8 Bb4 20. Nxb4 Qe4+ 21. Be3 Qxb4+ 22. Kf1 Bh3+ 23. Ke2 Qxb5+ 24. Kf3 Qc4 25. Rg1 Nxe5+ 26. Kg3 0-1

[Event "Porz 3- Kamp- Lintfort"]
[Site "?"]
[Date "2023.10.22"]
[Round "2.1"]
[White "Ratering, Jona"]
[Black "Finke, Kai"]
[Result "1/2-1/2"]
[WhiteElo "2159"]
[BlackElo "2106"]
[PlyCount "35"]
[EventDate "2023.??.??"]
[SourceVersionDate "2020.03.16"]

1. Nf3 d5 2. g3 Nf6 3. Bg2 e6 4. O-O Be7 5. d4 O-O 6. c4 a6 7. Nbd2 Nbd7 8. Qc2 b6 9. e4 dxe4 10. Nxe4 Bb7 11. Nxf6+ Nxf6 12. Rd1 Qc8 13. b3 Be4 14. Qe2 Qb7 15. Bb2 Rfe8 16. Ne1 Bxg2 17. Nxg2 a5 18. Nf4 1/2-1/2

[Event "Porz 3- Kamp- Lintfort"]
[Site "?"]
[Date "2023.10.22"]
[Round "2.2"]
[White "Wittig, Till"]
[Black "Schneider, Christoph"]
[Result "1/2-1/2"]
[WhiteElo "1952"]
[BlackElo "2054"]
[PlyCount "42"]
[EventDate "2023.??.??"]
[SourceVersionDate "2020.03.16"]

1. e4 c5 2. Nc3 Nc6 3. d3 g6 4. Be3 d6 5. d4 cxd4 6. Bxd4 Nf6 7. Bxf6 exf6 8. Nf3 Be6 9. Qd2 Qa5 10. Be2 O-O-O 11. Nd5 Qxd2+ 12. Nxd2 Bxd5 13. exd5 Nb4 14. O-O-O Nxa2+ 15. Kb1 Nb4 16. Ne4 Bg7 17. Rhe1 Rhe8 18. Rd4 a5 19. c3 f5 20. Rc4+ Kb8 21. cxb4 Rxe4 1/2-1/2

[Event "Porz 3- Kamp- Lintfort"]
[Site "?"]
[Date "2023.10.22"]
[Round "2.3"]
[White "Hagen, Gunter"]
[Black "Padva, Leo"]
[Result "1/2-1/2"]
[WhiteElo "2181"]
[BlackElo "1954"]
[PlyCount "43"]
[EventDate "2023.??.??"]
[SourceVersionDate "2020.03.16"]

1. d4 Nf6 2. c4 e6 3. Nf3 d5 4. Nc3 c5 5. cxd5 Nxd5 6. e4 Nxc3 7. bxc3 cxd4 8. cxd4 Bb4+ 9. Bd2 Bxd2+ 10. Qxd2 O-O 11. Bc4 Nd7 12. O-O Nf6 13. Qe3 b6 14. Ne5 Bb7 15. f3 Rc8 16. Rfd1 Qe7 17. Qb3 Ne8 18. a4 Nd6 19. Bf1 f5 20. exf5 Bd5 21. Qb4 Nxf5 22. Qxe7 1/2-1/2

[Event "Porz 3- Kamp- Lintfort"]
[Site "?"]
[Date "2023.10.22"]
[Round "2.4"]
[White "Paulus, Jeffrey"]
[Black "Westermann, Johannes"]
[Result "1/2-1/2"]
[WhiteElo "1973"]
[BlackElo "2072"]
[PlyCount "55"]
[EventDate "2023.??.??"]
[SourceVersionDate "2020.03.16"]

1. d4 d5 2. c4 e6 3. Nc3 Nf6 4. cxd5 exd5 5. Bg5 Be7 6. Qc2 c6 7. e3 O-O 8. Bd3 Nbd7 9. Nf3 Re8 10. O-O Nf8 11. Ne5 N6d7 12. Bxe7 Qxe7 13. Nxd7 Bxd7 14. b4 Qh4 15. g3 Qh5 16. Be2 Qh3 17. Bf3 Re6 18. Bg2 Qh5 19. Qe2 Qh6 20. b5 Rae8 21. bxc6 bxc6 22. Na4 Rg6 23. Nc5 Bg4 24. Bf3 Bxf3 25. Qxf3 Rf6 26. Qg4 Rg6 27. Qf3 Rf6 28. Qg4 1/2-1/2

[Event "Porz 3- Kamp- Lintfort"]
[Site "?"]
[Date "2023.10.22"]
[Round "2.5"]
[White "Bosser, Heinz- Dieter"]
[Black "Sistig, Max"]
[Result "1/2-1/2"]
[WhiteElo "1975"]
[BlackElo "1922"]
[PlyCount "62"]
[EventDate "2023.??.??"]
[SourceVersionDate "2020.03.16"]

1. d4 Nf6 2. c4 g6 3. Nc3 Bg7 4. e4 d6 5. Nf3 O-O 6. Be2 e5 7. O-O Nc6 8. d5 Ne7 9. Ne1 Nd7 10. Nd3 f5 11. Bd2 Nf6 12. f3 f4 13. b4 g5 14. c5 h5 15. Nf2 Rf7 16. Na4 g4 17. g3 Ng6 18. Nc3 h4 19. fxg4 Nh7 20. Nh3 hxg3 21. hxg3 Ng5 22. Nxg5 Qxg5 23. Kg2 Bh6 24. Bf3 Kg7 25. Rh1 Bxg4 26. Bxg4 f3+ 27. Bxf3 Qxd2+ 28. Qxd2 Bxd2 29. Nd1 Bxb4 30. cxd6 cxd6 31. Ne3 Ne7 1/2-1/2

[Event "Porz 3- Kamp- Lintfort"]
[Site "?"]
[Date "2023.10.22"]
[Round "2.8"]
[White "Machetti Meneses, Diego"]
[Black "Schubert, Mario"]
[Result "1/2-1/2"]
[WhiteElo "1691"]
[BlackElo "1809"]
[PlyCount "34"]
[EventDate "2023.??.??"]
[SourceVersionDate "2020.03.16"]

1. d4 Nf6 2. Nf3 d5 3. Bf4 e6 4. e3 Bd6 5. Bg3 O-O 6. Nbd2 c5 7. c3 Qc7 8. Ne5 Nbd7 9. f4 Ne4 10. Nxe4 dxe4 11. Be2 a6 12. O-O Nb6 13. Qb3 Kh8 14. Rac1 f6 15. Nc4 Nxc4 16. Bxc4 b5 17. Be2 c4 1/2-1/2

[Event "Rheinhausen- Kleve"]
[Site "?"]
[Date "2023.10.22"]
[Round "2.1"]
[White "Bruil, Rembrandt"]
[Black "Nabuurs, Mart"]
[Result "1/2-1/2"]
[WhiteElo "2263"]
[BlackElo "2273"]
[PlyCount "59"]
[EventDate "2023.??.??"]
[SourceVersionDate "2020.03.16"]

1. Nf3 d5 2. e3 Nf6 3. c4 c6 4. Nc3 e6 5. b3 Nbd7 6. Bb2 Bd6 7. d4 e5 8. cxd5 cxd5 9. dxe5 Nxe5 10. Be2 O-O 11. O-O Nc6 12. Nb5 Be7 13. Rc1 Re8 14. Nbd4 Bd7 15. Nxc6 bxc6 16. Ne5 Qb6 17. Bd3 Bd6 18. Nxd7 Nxd7 19. Qc2 c5 20. Bxh7+ Kf8 21. Bf5 Ne5 22. Rfd1 Rad8 23. Qe2 g6 24. Bb1 d4 25. exd4 Nc6 26. Qf3 Nxd4 27. Bxd4 cxd4 28. Bxg6 Bxh2+ 29. Kxh2 Qxg6 30. Rc6 1/2-1/2

[Event "Rheinhausen- Kleve"]
[Site "?"]
[Date "2023.10.22"]
[Round "2.2"]
[White "Heinert, Eugen"]
[Black "Verfuerth, Kevin"]
[Result "1-0"]
[WhiteElo "2125"]
[BlackElo "2006"]
[PlyCount "101"]
[EventDate "2023.??.??"]
[SourceVersionDate "2020.03.16"]

1. d4 Nf6 2. c4 e6 3. Nc3 d5 4. Nf3 Be7 5. Bf4 O-O 6. e3 dxc4 7. Bxc4 a6 8. a4 Nbd7 9. e4 c5 10. d5 Nb6 11. Ba2 exd5 12. exd5 Bd6 13. Bxd6 Qxd6 14. O-O Bg4 15. a5 Nbd7 16. Qd3 Rac8 17. Nd2 Rfe8 18. Nc4 Qf4 19. Qg3 Qxg3 20. hxg3 Be2 21. Nxe2 Rxe2 22. Rfe1 Rce8 23. Rxe2 Rxe2 24. Kf1 Re4 25. Rd1 Ng4 26. b3 Ngf6 27. Bb1 Rd4 28. Rxd4 cxd4 29. Bf5 Kf8 30. Ke2 g6 31. Bxd7 Nxd7 32. f3 Ke7 33. g4 Nf6 34. Kd3 Nxd5 35. Kxd4 Nf4 36. Kc5 Nxg2 37. Kb6 h5 38. gxh5 gxh5 39. Kxb7 h4 40. Nd2 Ne3 41. Kxa6 h3 42. Ne4 h2 43. Nf2 Nd1 44. Nh1 Kd6 45. Kb6 Nc3 46. a6 Nd5+ 47. Kb7 Kc5 48. a7 Nb6 49. f4 f5 50. Ng3 Kb5 51. b4 1-0

[Event "Rheinhausen- Kleve"]
[Site "?"]
[Date "2023.10.22"]
[Round "2.3"]
[White "Wiegersma, Justus"]
[Black "Feldhaus, Sebastian"]
[Result "1-0"]
[WhiteElo "1980"]
[BlackElo "2077"]
[PlyCount "69"]
[EventDate "2023.??.??"]
[SourceVersionDate "2020.03.16"]

1. c4 e5 2. g3 Nf6 3. Bg2 Nc6 4. Nc3 Bb4 5. e4 Bxc3 6. bxc3 d6 7. d3 O-O 8. f4 exf4 9. Bxf4 Re8 10. Ne2 Bg4 11. h3 Bh5 12. g4 Bg6 13. O-O Nd7 14. Ng3 Nc5 15. Nf5 f6 16. Qc2 Ne6 17. Bg3 Ne5 18. Rae1 a5 19. Rf2 a4 20. Bf1 Ng5 21. Qd1 Bf7 22. h4 Ne6 23. d4 Ng6 24. Bd3 Ra5 25. Ref1 Nef8 26. h5 Ne7 27. Nxg7 Kxg7 28. Rxf6 Bg8 29. Qd2 Neg6 30. hxg6 Nxg6 31. e5 dxe5 32. Bxg6 hxg6 33. Qg5 Re7 34. Rxg6+ Kh8 35. Qf6+ 1-0

[Event "Rheinhausen- Kleve"]
[Site "?"]
[Date "2023.10.22"]
[Round "2.4"]
[White "Heinert, Alex"]
[Black "Krebbers, Wilfried"]
[Result "1-0"]
[WhiteElo "2077"]
[BlackElo "2049"]
[PlyCount "69"]
[EventDate "2023.??.??"]
[SourceVersionDate "2020.03.16"]

1. d4 Nf6 2. c4 e6 3. Nf3 Bb4+ 4. Bd2 Qe7 5. g3 O-O 6. Bg2 a5 7. O-O Bxd2 8. Qxd2 d6 9. Nc3 Bd7 10. e4 e5 11. Rfe1 Na6 12. Nd5 Nxd5 13. exd5 f6 14. Qxa5 c5 15. dxc6 bxc6 16. Qc3 Rfb8 17. c5 e4 18. cxd6 Qxd6 19. Rxe4 Nb4 20. Ree1 Rxa2 21. Rxa2 Nxa2 22. Qc4+ Qd5 23. Qxd5+ cxd5 24. Re7 Bf5 25. Nh4 Be4 26. Bxe4 dxe4 27. Nf5 g6 28. Nh6+ Kh8 29. d5 Nb4 30. d6 Nc6 31. Rc7 Ne5 32. d7 Nxd7 33. Rxd7 Rxb2 34. Ng4 Rb6 35. Rf7 1-0

[Event "Rheinhausen- Kleve"]
[Site "?"]
[Date "2023.10.22"]
[Round "2.5"]
[White "Verfuerth, Thomas"]
[Black "Sobeck, Oscar"]
[Result "1-0"]
[WhiteElo "2013"]
[BlackElo "1819"]
[PlyCount "93"]
[EventDate "2023.??.??"]
[SourceVersionDate "2020.03.16"]

1. c4 c5 2. Nc3 g6 3. g3 Bg7 4. Bg2 Nc6 5. e4 d6 6. Nge2 e6 7. d3 Nge7 8. Be3 Nd4 9. Qd2 O-O 10. O-O Qa5 11. Nxd4 Bxd4 12. Nd5 Nc6 13. Ne7+ Kh8 14. Bxd4+ cxd4 15. Qxa5 Nxa5 16. b4 Nc6 17. Nxc6 bxc6 18. a4 Rb8 19. Rfb1 Bd7 20. b5 Rfc8 21. f4 e5 22. fxe5 dxe5 23. h4 Kg7 24. Kh2 Rb7 25. bxc6 Bxc6 26. Rxb7 Bxb7 27. Rb1 Rc7 28. Rb5 Kf6 29. Bh3 Re7 30. Ra5 Bc6 31. Ra6 Rc7 32. Bd7 Rxd7 33. Rxc6+ Ke7 34. Kh3 f6 35. Rc5 Rb7 36. Rb5 Rb6 37. h5 Kd7 38. hxg6 hxg6 39. Kh4 Kc7 40. g4 Re6 41. Rd5 Re8 42. g5 f5 43. exf5 gxf5 44. g6 f4 45. Kg4 a6 46. g7 Kb6 47. Rxe5 1-0

[Event "Rheinhausen- Kleve"]
[Site "?"]
[Date "2023.10.22"]
[Round "2.6"]
[White "Rohfleisch, Daniel"]
[Black "Auwens, Michael"]
[Result "1/2-1/2"]
[WhiteElo "1929"]
[BlackElo "1829"]
[PlyCount "43"]
[EventDate "2023.??.??"]
[SourceVersionDate "2020.03.16"]

1. e4 e5 2. Nf3 d6 3. d4 Nd7 4. dxe5 dxe5 5. Bc4 c6 6. c3 b5 7. Bb3 h6 8. Be3 Qc7 9. a4 Ngf6 10. axb5 cxb5 11. Bd5 Bb7 12. Bxb7 Qxb7 13. Nbd2 a6 14. Qc2 Be7 15. O-O O-O 16. Nh4 Rfd8 17. Nf5 Bf8 18. f3 Rac8 19. Rfd1 Nb6 20. Nb3 Nc4 21. Bf2 g6 22. Ne3 1/2-1/2

[Event "Rheinhausen- Kleve"]
[Site "?"]
[Date "2023.10.22"]
[Round "2.7"]
[White "Hoenselaar, Dennis"]
[Black "Liedmann, Dennis"]
[Result "0-1"]
[WhiteElo "1764"]
[BlackElo "1990"]
[PlyCount "62"]
[EventDate "2023.??.??"]
[SourceVersionDate "2020.03.16"]

1. c4 c5 2. g3 b6 3. Bg2 Nc6 4. Nc3 Bb7 5. a3 Na5 6. Bxb7 Nxb7 7. d4 cxd4 8. Qxd4 e6 9. Bf4 Nf6 10. Rd1 Bc5 11. Qd3 O-O 12. Nf3 Be7 13. Ng5 h6 14. h4 d5 15. Nf3 dxc4 16. Qxc4 Qe8 17. Nb5 Na5 18. Qa4 Nd5 19. Rd4 Bc5 20. Rxd5 exd5 21. b4 Qe4 22. Nc3 Qc4 23. Nd1 Rfe8 24. O-O Bf8 25. Ne5 Qb3 26. Qd7 Re7 27. Qg4 Nc4 28. Nd7 Re6 29. Ne3 Nxe3 30. Bxe3 Qxa3 31. Bc1 Qxb4 0-1

[Event "Rheinhausen- Kleve"]
[Site "?"]
[Date "2023.10.22"]
[Round "2.8"]
[White "Jentzsch, David"]
[Black "Boxberg, Oliver"]
[Result "1-0"]
[WhiteElo "1896"]
[BlackElo "1825"]
[PlyCount "95"]
[EventDate "2023.??.??"]
[SourceVersionDate "2020.03.16"]

1. d4 d5 2. c4 e6 3. Nc3 c5 4. e3 Nf6 5. Nf3 a6 6. cxd5 exd5 7. dxc5 Bxc5 8. Be2 O-O 9. O-O Nc6 10. a3 Re8 11. b4 Ba7 12. Bb2 Bg4 13. h3 Bf5 14. Bd3 Ne4 15. Bxe4 Bxe4 16. Nxe4 Rxe4 17. Qd3 Qd7 18. Rfd1 Rd8 19. Rd2 Qe7 20. Rad1 d4 21. exd4 Bxd4 22. Nxd4 Nxd4 23. Bxd4 Rexd4 24. Qxd4 Rxd4 25. Rxd4 h5 26. h4 b5 27. g3 a5 28. Kh2 Qe2 29. R1d2 Qe7 30. R2d3 axb4 31. axb4 g6 32. Rf4 Kg7 33. Rd5 Qe8 34. Rc5 Qd7 35. Rf3 Qg4 36. Rf4 Qd7 37. Rc2 Qd6 38. Ra2 Qb6 39. Kg1 Qb7 40. Rd2 Qc7 41. Rd5 Qb7 42. Rd6 Qe7 43. Rb6 g5 44. hxg5 Qxg5 45. Rb7 Qd5 46. Rbxf7+ Kg8 47. R7f5 Qd3 48. Rg5+ 1-0

[Event "Köln 2- Düsseldorf- Süd"]
[Site "?"]
[Date "2023.10.22"]
[Round "2.1"]
[White "Gula, Julian"]
[Black "Fohler, Claus"]
[Result "0-1"]
[WhiteElo "2153"]
[BlackElo "2247"]
[PlyCount "74"]
[EventDate "2023.??.??"]
[SourceVersionDate "2020.03.16"]

1. e4 d5 2. exd5 Qxd5 3. Nc3 Qd8 4. g3 Nc6 5. Bg2 g6 6. Nge2 Bg7 7. O-O e5 8. f4 Nge7 9. d3 O-O 10. fxe5 Nxe5 11. Ne4 Nd5 12. h3 c6 13. d4 Nc4 14. Qd3 Nd6 15. c3 Nxe4 16. Qxe4 Bf5 17. Qf3 Qd7 18. g4 Bc2 19. Nf4 Nxf4 20. Bxf4 Rfe8 21. Rae1 f5 22. Qf2 Bd3 23. Rxe8+ Rxe8 24. Rd1 Ba6 25. gxf5 Qxf5 26. d5 Rf8 27. dxc6 Qxf4 28. Qxf4 Rxf4 29. cxb7 Rf8 30. Rd6 Bc4 31. b3 Bf7 32. Rc6 Be5 33. Rc8 Be6 34. Ra8 Bb8 35. c4 Kf7 36. Kf2 Ke7+ 37. Ke3 Kd7 0-1

[Event "Köln 2- Düsseldorf- Süd"]
[Site "?"]
[Date "2023.10.22"]
[Round "2.2"]
[White "Rosenkraenzer, Torsten"]
[Black "Tagsold, Christian"]
[Result "0-1"]
[WhiteElo "2031"]
[BlackElo "2154"]
[PlyCount "36"]
[EventDate "2023.??.??"]
[SourceVersionDate "2020.03.16"]

1. d4 d5 2. c4 e6 3. Nc3 c5 4. cxd5 exd5 5. dxc5 d4 6. Na4 b5 7. cxb6 axb6 8. Qb3 b5 9. Qxb5+ Bd7 10. Qe5+ Be7 11. b3 Nc6 12. Qxg7 Bf6 13. Qg3 d3 14. Bb2 Rxa4 15. Qe3+ Be6 16. bxa4 Bxb2 17. Rb1 Qa5+ 18. Kd1 Qxa4+ 0-1

[Event "Köln 2- Düsseldorf- Süd"]
[Site "?"]
[Date "2023.10.22"]
[Round "2.3"]
[White "Kontorovitch, Vladimir"]
[Black "Diesner, Michael"]
[Result "1/2-1/2"]
[WhiteElo "2079"]
[BlackElo "2004"]
[PlyCount "120"]
[EventDate "2023.??.??"]
[SourceVersionDate "2020.03.16"]

1. e4 c5 2. Nc3 Nc6 3. g3 g6 4. Bg2 Bg7 5. d3 e5 6. f4 exf4 7. Bxf4 Nge7 8. Nf3 O-O 9. O-O d5 10. exd5 Nxd5 11. Nxd5 Qxd5 12. c3 Qh5 13. Qb3 b6 14. Ng5 Na5 15. Qa4 Bb7 16. Bxb7 Nxb7 17. Qd7 Nd8 18. Rae1 h6 19. g4 Qh4 20. Nf3 Qh3 21. Bd6 Ne6 22. Bxf8 Qxg4+ 23. Kh1 Rxf8 24. Ne5 Bxe5 25. Rxe5 Qh3 26. Rf2 Qh4 27. Rf1 Nf4 28. Re8 g5 29. Rxf8+ Kxf8 30. Qxa7 Qg4 31. Qa8+ Kg7 32. Qf3 Qe6 33. b3 Qe5 34. c4 Qb2 35. Rg1 Qd4 36. Rd1 Qb2 37. Rg1 Qd4 38. Rf1 Qb2 39. Qg3 Qd4 40. Rxf4 Qxf4 41. Qxf4 gxf4 42. b4 cxb4 43. d4 Kf6 44. Kg2 Kf5 45. Kf3 h5 46. h4 f6 47. Kf2 Ke4 48. d5 Ke5 49. Kf3 b5 50. cxb5 Kxd5 51. Kxf4 Kc5 52. Kf5 Kxb5 53. Kg6 Ka4 54. Kxh5 Ka3 55. Kg4 Kxa2 56. h5 b3 57. h6 b2 58. h7 b1=Q 59. h8=Q Qe4+ 60. Kg3 f5 1/2-1/2

[Event "Köln 2- Düsseldorf- Süd"]
[Site "?"]
[Date "2023.10.22"]
[Round "2.4"]
[White "Glaser, Steffen"]
[Black "Hoffmann, Andre"]
[Result "0-1"]
[WhiteElo "1964"]
[BlackElo "2011"]
[PlyCount "74"]
[EventDate "2023.??.??"]
[SourceVersionDate "2020.03.16"]

1. e4 c6 2. d4 d5 3. e5 c5 4. c4 Nc6 5. Nf3 cxd4 6. Nxd4 Nxe5 7. cxd5 Nf6 8. Nb5 a6 9. Qd4 Ned7 10. N5c3 Nb6 11. Be3 Nbxd5 12. Bc4 e6 13. Nxd5 exd5 14. Bb3 Be6 15. Nc3 Rc8 16. Rd1 Bc5 17. Qa4+ b5 18. Qxa6 Bxe3 19. Qxb5+ Bd7 20. Qe2 O-O 21. fxe3 Bg4 22. Qd3 Bxd1 23. Bxd1 Qb6 24. O-O Qxb2 25. Nxd5 Nxd5 26. Qxd5 Rcd8 27. Qb3 Qd2 28. a4 Rd3 29. Qb7 Qxe3+ 30. Kh1 Qf2 31. Rg1 Re8 32. Qb5 Rde3 33. Qf1 Qd2 34. h3 Re1 35. Qb5 Rxg1+ 36. Kxg1 Re1+ 37. Kh2 Qf4+ 0-1

[Event "Köln 2- Düsseldorf- Süd"]
[Site "?"]
[Date "2023.10.22"]
[Round "2.5"]
[White "Reinartz, Achim"]
[Black "Wolters, Michael"]
[Result "1/2-1/2"]
[WhiteElo "1968"]
[BlackElo "1886"]
[PlyCount "66"]
[EventDate "2023.??.??"]
[SourceVersionDate "2020.03.16"]

1. d4 Nf6 2. Nf3 d5 3. c4 e6 4. Nc3 Be7 5. Bg5 O-O 6. e3 Nbd7 7. cxd5 exd5 8. Qc2 c6 9. Bd3 h6 10. Bh4 Re8 11. O-O Ne4 12. Bxe4 Bxh4 13. Bd3 Be7 14. h3 Bd6 15. e4 dxe4 16. Nxe4 Bc7 17. Rad1 Nf6 18. Rfe1 Nd5 19. Qc5 Bf5 20. a3 Qd7 21. Qc2 Kh8 22. Ng3 Bxd3 23. Qxd3 Bxg3 24. fxg3 Kg8 25. Kf2 Rxe1 26. Rxe1 Re8 27. Re4 Nf6 28. Rxe8+ Qxe8 29. Nd2 Qe6 30. g4 Nd5 31. Qe4 Qf6+ 32. Nf3 Qf4 33. Qxf4 Nxf4 1/2-1/2

[Event "Köln 2- Düsseldorf- Süd"]
[Site "?"]
[Date "2023.10.22"]
[Round "2.6"]
[White "Kuehn, Matthias"]
[Black "Jaeckel, Norbert"]
[Result "1-0"]
[WhiteElo "1908"]
[BlackElo "1846"]
[PlyCount "51"]
[EventDate "2023.??.??"]
[SourceVersionDate "2020.03.16"]

1. e4 c5 2. Nc3 Nc6 3. f4 g6 4. Nf3 Bg7 5. d3 e6 6. g3 Nge7 7. Bg2 O-O 8. O-O d6 9. a4 a6 10. Ne2 Rb8 11. c3 f5 12. h3 b5 13. g4 h6 14. Ng3 b4 15. Bd2 Qb6 16. Nh4 c4+ 17. Kh2 cxd3 18. exf5 gxf5 19. Qf3 a5 20. Rae1 bxc3 21. bxc3 Qc5 22. Qxd3 Bd7 23. Nh5 Bh8 24. gxf5 exf5 25. Bxc6 Nxc6 26. Qg3+ 1-0

[Event "Köln 2- Düsseldorf- Süd"]
[Site "?"]
[Date "2023.10.22"]
[Round "2.7"]
[White "Heinzel, Thomas"]
[Black "Loeschcke, Christian"]
[Result "1/2-1/2"]
[WhiteElo "1724"]
[BlackElo "2038"]
[PlyCount "114"]
[EventDate "2023.??.??"]
[SourceVersionDate "2020.03.16"]

1. d4 Nf6 2. c4 g6 3. Nf3 Bg7 4. g3 O-O 5. Bg2 c5 6. d5 d6 7. Nc3 e6 8. O-O exd5 9. cxd5 Re8 10. Re1 a6 11. a4 Nbd7 12. Nd2 Rb8 13. Nc4 Ne5 14. Na3 Qc7 15. h3 Nh5 16. e4 c4 17. Bf1 f5 18. Be3 f4 19. gxf4 Nd3 20. Bxd3 cxd3 21. Qxd3 Rf8 22. Ne2 Bxb2 23. Ra2 Bxa3 24. Rxa3 b5 25. axb5 Rxb5 26. Nd4 Bxh3 27. Kh2 Qd7 28. f5 gxf5 29. Bh6 fxe4 30. Qxh3 Rxf2+ 31. Kg1 Rbb2 32. Ne2 Qxh3 33. Rxh3 Rbxe2 34. Rxe2 Rxe2 35. Rxh5 Kf7 36. Bf4 e3 37. Rxh7+ Kg6 38. Re7 Re1+ 39. Kg2 Rd1 40. Rxe3 Rxd5 41. Kf3 Kf5 42. Ra3 a5 43. Bg3 a4 44. Rxa4 Rd3+ 45. Kf2 d5 46. Bb8 Rc3 47. Rd4 Ke6 48. Ke2 Rc4 49. Rd1 Ra4 50. Kd3 Ra3+ 51. Kc2 Ra4 52. Re1+ Re4 53. Rh1 Rb4 54. Rh6+ Kf5 55. Rh8 Ke6 56. Kc3 Rc4+ 57. Kd3 Rb4 1/2-1/2

[Event "Köln 2- Düsseldorf- Süd"]
[Site "?"]
[Date "2023.10.22"]
[Round "2.8"]
[White "Vieira, Daniel"]
[Black "Ovchinnikov, Max"]
[Result "1-0"]
[WhiteElo "1735"]
[BlackElo "1642"]
[PlyCount "43"]
[EventDate "2023.??.??"]
[SourceVersionDate "2020.03.16"]

1. c4 e6 2. Nc3 Nf6 3. Nf3 d5 4. e3 c5 5. d4 Nc6 6. cxd5 exd5 7. dxc5 Bxc5 8. Be2 O-O 9. O-O Bf5 10. Nb5 Re8 11. b3 a6 12. Nbd4 Bg6 13. Bb2 Ne4 14. Rc1 Qb6 15. a3 a5 16. Bb5 Nd6 17. Ba4 Rec8 18. Nxc6 bxc6 19. Ne5 Nb5 20. Nd7 Qc7 21. Nxc5 Nd6 22. Nd3 1-0

[Event "Kleve - Köln 2"]
[Site "?"]
[Date "2023.11.12"]
[Round "3.1"]
[White "Bonnmann, Reinhard"]
[Black "Bruil, Rembrandt"]
[Result "1/2-1/2"]
[WhiteElo "2258"]
[BlackElo "2266"]
[PlyCount "112"]
[EventDate "2023.??.??"]
[SourceVersionDate "2020.03.16"]

1. d4 d5 2. c4 e6 3. Nf3 Nf6 4. g3 Be7 5. Bg2 O-O 6. O-O dxc4 7. Qc2 b5 8. b3 cxb3 9. axb3 Bb7 10. Nc3 a6 11. Bg5 Nc6 12. Rfd1 Nb4 13. Qb1 h6 14. Bxf6 Bxf6 15. Ng5 hxg5 16. Bxb7 Rb8 17. Bf3 c5 18. dxc5 Qe7 19. Ne4 Bxa1 20. Qxa1 g4 21. Bg2 Rbc8 22. Rc1 Rfd8 23. Qa3 Rd4 24. e3 Rxe4 25. Bxe4 Rxc5 26. Rd1 Nd5 27. Qxa6 g6 28. Bxd5 exd5 29. b4 Rc4 30. Qxb5 Qe4 31. Qxd5 Qxd5 32. Rxd5 Rxb4 33. Kg2 f5 34. h3 gxh3+ 35. Kxh3 Kf7 36. Rd4 Rb2 37. Kg2 Ke6 38. Ra4 Kf6 39. g4 fxg4 40. Rxg4 Kf5 41. Rf4+ Ke5 42. Kf3 Rb1 43. Ra4 Rb2 44. Ra5+ Kf6 45. Kg3 g5 46. Ra6+ Kf7 47. e4 Rb1 48. Kg4 Rg1+ 49. Kf5 g4 50. Ra7+ Ke8 51. Ke6 Kf8 52. Rf7+ Ke8 53. Rh7 Kf8 54. Rh8+ Kg7 55. Rh4 Rg2 56. Rh5 Rxf2 1/2-1/2

[Event "Kleve - Köln 2"]
[Site "?"]
[Date "2023.11.12"]
[Round "3.2"]
[White "Verfuerth, Kevin"]
[Black "Raasch, Joerg"]
[Result "0-1"]
[WhiteElo "2000"]
[BlackElo "2284"]
[PlyCount "52"]
[EventDate "2023.??.??"]
[SourceVersionDate "2020.03.16"]

1. c4 e6 2. Nf3 d5 3. e3 Nf6 4. b3 Bd6 5. Bb2 O-O 6. Be2 Nbd7 7. d4 c5 8. O-O b6 9. Nc3 Bb7 10. Rc1 Rc8 11. cxd5 exd5 12. dxc5 bxc5 13. Qd3 Qe7 14. Rfd1 Rfe8 15. Qf5 g6 16. Qb1 d4 17. exd4 Ng4 18. Ne5 Ndxe5 19. dxe5 Qxe5 20. g3 Nxf2 21. Kxf2 Qe3+ 22. Kf1 Bxg3 23. hxg3 Qxg3 24. Rd3 Bg2+ 25. Kg1 Bf3+ 26. Kf1 Qg2+ 0-1

[Event "Kleve - Köln 2"]
[Site "?"]
[Date "2023.11.12"]
[Round "3.3"]
[White "Wisskirchen, Andreas"]
[Black "Wiegersma, Justus"]
[Result "1-0"]
[WhiteElo "2211"]
[BlackElo "1993"]
[PlyCount "87"]
[EventDate "2023.??.??"]
[SourceVersionDate "2020.03.16"]

1. d4 Nf6 2. Nf3 d5 3. c4 e6 4. Nc3 dxc4 5. e3 a6 6. a4 Bb4 7. Bxc4 O-O 8. O-O c5 9. Na2 b6 10. Nxb4 cxb4 11. Ne5 Bb7 12. Qe2 a5 13. Rd1 Nbd7 14. Bb5 Qe7 15. e4 h6 16. Bf4 Rac8 17. f3 Nxe5 18. Bxe5 Rfd8 19. Rac1 Ne8 20. Qe3 Nd6 21. Be2 Qd7 22. b3 Rxc1 23. Rxc1 Bc6 24. d5 exd5 25. Qxb6 Rc8 26. Bxd6 Qxd6 27. Bb5 dxe4 28. fxe4 Qd2 29. Rxc6 Qe1+ 30. Bf1 Rxc6 31. Qxc6 Qe3+ 32. Kh1 Qxb3 33. Qa8+ Kh7 34. Qxa5 Qd1 35. Qf5+ Kg8 36. a5 Qa4 37. a6 b3 38. Qb5 Qa1 39. a7 b2 40. h3 Kh7 41. Qxb2 Qxf1+ 42. Kh2 Qf4+ 43. g3 Qxe4 44. Qg2 1-0

[Event "Kleve - Köln 2"]
[Site "?"]
[Date "2023.11.12"]
[Round "3.4"]
[White "Van Kuijk, Vadim"]
[Black "Schwibbert, Jonas"]
[Result "0-1"]
[WhiteElo "2095"]
[BlackElo "2100"]
[PlyCount "84"]
[EventDate "2023.??.??"]
[SourceVersionDate "2020.03.16"]

1. e4 c5 2. Nf3 Nc6 3. d4 cxd4 4. Nxd4 e5 5. Nb5 d6 6. c4 g6 7. N5c3 Bg7 8. Nd5 Be6 9. Nbc3 Nd4 10. Bd3 h6 11. Be3 Nf6 12. O-O O-O 13. Rc1 Nd7 14. Qd2 Kh7 15. Kh1 Rc8 16. b3 a6 17. f4 exf4 18. Nxf4 Nc6 19. Nxe6 fxe6 20. Rxf8 Qxf8 21. Rf1 Qe7 22. Rf3 Nce5 23. Rh3 Ng4 24. Bg5 Bxc3 25. Bxe7 Bxd2 26. Kg1 Bb4 27. Be2 Bc5+ 28. Kf1 Ne3+ 29. Ke1 Nxg2+ 30. Kd2 Nf4 31. Rf3 Nxe2 32. Kxe2 Kg7 33. Rd3 d5 34. Bh4 Ne5 35. Rd1 d4 36. Bg3 Nc6 37. Kd3 Rf8 38. Ke2 g5 39. h4 Kg6 40. hxg5 hxg5 41. Rd3 Nb4 42. Rd2 d3+ 0-1